History Quiz

Random History or Director Quiz

Director Generals of the BBC Quiz Stats

 Plays Quiz not verified by Sporcle

Challenge
Share
Tweet
Embed
Score 0/18 Timer 05:00
0 Plays Today
Years DG % Correct
2000–2004Greg Dyke
90%
2004–2012Mark Thompson
60%
From 2013Lord Hall of Birkenhead
60%
1982–1987Alasdair Milne
50%
1992–2000Lord Birt
50%
1927–1938Lord Reith
40%
2012George Entwistle
40%
1960–1969Sir Hugh Greene
30%
January – June 2004Mark Byford (acting)
30%
Years DG % Correct
1938–1942Sir Frederick Ogilvie
20%
1942–1943Sir Cecil Graves and Robert W. Foot
20%
1943–1944Robert W. Foot
20%
1944–1952Sir William Haley
20%
1952–1959Sir Ian Jacob
20%
1969–1977Sir Charles Curran
20%
1977–1982Sir Ian Trethowan
20%
1987–1992Sir Michael Checkland
20%
2012–PresentTim Davie (acting)
20%

You're not logged in!

Compare scores with friends on all Sporcle quizzes.
Join for Free
OR
Log In

You Might Also Like...

Show Comments

Extras

Top Quizzes Today


Score Distribution

Your Account Isn't Verified!

In order to create a playlist on Sporcle, you need to verify the email address you used during registration. Go to your Sporcle Settings to finish the process.

Report this User

Report this user for behavior that violates our Community Guidelines.

Details: